<?xml version="1.0" encoding="UTF-8"?><?xml-stylesheet type="text/xsl" href="static/style.xsl"?><OAI-PMH xmlns="http://www.openarchives.org/OAI/2.0/" xmlns:xsi="http://www.w3.org/2001/XMLSchema-instance" xsi:schemaLocation="http://www.openarchives.org/OAI/2.0/ http://www.openarchives.org/OAI/2.0/OAI-PMH.xsd"><responseDate>2026-04-17T07:35:29Z</responseDate><request verb="GetRecord" identifier="oai:www.recercat.cat:10459.1/465196" metadataPrefix="marc">https://recercat.cat/oai/request</request><GetRecord><record><header><identifier>oai:recercat.cat:10459.1/465196</identifier><datestamp>2025-09-15T18:41:14Z</datestamp><setSpec>com_2072_3622</setSpec><setSpec>col_2072_479130</setSpec></header><metadata><record xmlns="http://www.loc.gov/MARC21/slim" xmlns:dcterms="http://purl.org/dc/terms/" xmlns:xsi="http://www.w3.org/2001/XMLSchema-instance" xmlns:doc="http://www.lyncode.com/xoai" xsi:schemaLocation="http://www.loc.gov/MARC21/slim http://www.loc.gov/standards/marcxml/schema/MARC21slim.xsd">
   <leader>00925njm 22002777a 4500</leader>
   <datafield ind2=" " ind1=" " tag="042">
      <subfield code="a">dc</subfield>
   </datafield>
   <datafield ind2=" " ind1=" " tag="720">
      <subfield code="a">García-Berthou, Emili</subfield>
      <subfield code="e">author</subfield>
   </datafield>
   <datafield ind2=" " ind1=" " tag="720">
      <subfield code="a">Almeida, David</subfield>
      <subfield code="e">author</subfield>
   </datafield>
   <datafield ind2=" " ind1=" " tag="720">
      <subfield code="a">Benejam, Lluís</subfield>
      <subfield code="e">author</subfield>
   </datafield>
   <datafield ind2=" " ind1=" " tag="720">
      <subfield code="a">Magellan, Kit</subfield>
      <subfield code="e">author</subfield>
   </datafield>
   <datafield ind2=" " ind1=" " tag="720">
      <subfield code="a">Bae, Mi-Jung</subfield>
      <subfield code="e">author</subfield>
   </datafield>
   <datafield ind2=" " ind1=" " tag="720">
      <subfield code="a">Casals i Martí, Frederic</subfield>
      <subfield code="e">author</subfield>
   </datafield>
   <datafield ind2=" " ind1=" " tag="720">
      <subfield code="a">Merciai, Roberto</subfield>
      <subfield code="e">author</subfield>
   </datafield>
   <datafield ind2=" " ind1=" " tag="260">
      <subfield code="c">2015-03-30</subfield>
   </datafield>
   <datafield ind2=" " ind1=" " tag="520">
      <subfield code="a">La península ibérica goza de una rica fauna de peces continentales, muchos de ellos endémicos y amenazados. Una de las causas de su declive es la introducción de especies exóticas o la translocación de algunas nativas a nuevas cuencas. En este trabajo, revisamos los impactos ecológicos de estas introducciones, desde los niveles genético e individual a los de comunidad y global, basándonos principalmente en trabajos de la península. Aunque la evidencia acumulada es considerable, el impacto ecológico de la mayoría de especies e introducciones apenas ha sido estudiado y seguramente es mucho mayor del que se conoce.</subfield>
   </datafield>
   <datafield ind2=" " ind1=" " tag="520">
      <subfield code="a">The Iberian Peninsula has a rich fauna of freshwater fish, with many endemics that are threatened. One of the threat causes is the introduction of exotic species or translocation of natives to new basins. In this paper, we review the ecological impacts of these introductions, from the genetic and individual to the community and global levels, primarily using studies from the Peninsula. Although the accumulated evidence is considerable, the ecological impact of most species and introductions has barely been studied and is probably much greater than is known.</subfield>
   </datafield>
   <datafield ind2=" " ind1=" " tag="520">
      <subfield code="a">Esta revisión es fruto en parte de numerosos proyectos de investigación, financiados básicamente por el Ministerio de Economía
y Competitividad (proyectos REN2002-10059-E, REN2003-00477,
CGL2006-11652-C02-01/BOS, CGL2009-12877-C02-01,
CSD2009-00065 y CGL2013-43822-R), el Ministerio de Medio Ambiente, la Agencia Catalana del Agua, la Universidad de Girona
(proyecto SING12/09), la Generalitat de Cataluña (2014 SGR 484)
y la Comisión Europea (Acción COST TD1209). DA disfruta de un
contrato postdoctoral financiado por la Generalitat de Cataluña
(2013 BP_B 00172). MJB y KM se han beneficiado de contratos
postdoctorales financiados por la Comisión Europea (Erasmus
Mundus Partnership “NESSIE”, 372353-1-2012-1-FR-ERA MUNDUS-EMA22 y Marie Curie International Reintegration Grant). RM
disfruta de una beca predoctoral del Ministerio de Educación y Deporte (AP2010-4025). Agradecemos sinceramente a los muchos
estudiantes, colaboradores y amigos con los que hemos podido investigar y aprender sobre esta temática y a un revisor anónimo los
comentarios del manuscrito.</subfield>
   </datafield>
   <datafield tag="653" ind2=" " ind1=" ">
      <subfield code="a">Rivers</subfield>
   </datafield>
   <datafield tag="653" ind2=" " ind1=" ">
      <subfield code="a">Reservoirs</subfield>
   </datafield>
   <datafield tag="653" ind2=" " ind1=" ">
      <subfield code="a">Invasive species</subfield>
   </datafield>
   <datafield tag="653" ind2=" " ind1=" ">
      <subfield code="a">Inland fisheries</subfield>
   </datafield>
   <datafield tag="653" ind2=" " ind1=" ">
      <subfield code="a">Aquaculture</subfield>
   </datafield>
   <datafield ind2="0" ind1="0" tag="245">
      <subfield code="a">Impacto ecológico de los peces continentales introducidos en la penísula ibérica</subfield>
   </datafield>
</record></metadata></record></GetRecord></OAI-PMH>